LIBRARY & INFORMATION CENTRE, KCAET, TAVANUR

ONLINE PUBLIC ACCESS CATALOGUE (OPAC)

Soil mechanics / (Record no. 5566)

MARC details
000 -LEADER
fixed length control field 00409cam a2200169ua 4500
003 - CONTROL NUMBER IDENTIFIER
control field OSt
008 - FIXED-LENGTH DATA ELEMENTS--GENERAL INFORMATION
fixed length control field 250415b |||||||| |||| 00| 0 eng d
020 ## - INTERNATIONAL STANDARD BOOK NUMBER
ISBN 0 7121 1957 4
041 ## - LANGUAGE CODE
Language code of text/sound track or separate title eng
082 ## - DEWEY DECIMAL CLASSIFICATION NUMBER
Classification number 624.15136
Item number SMI/SO
100 ## - MAIN ENTRY--AUTHOR NAME
Personal name Smith, M J .
245 ## - TITLE STATEMENT
Title Soil mechanics /
250 ## - EDITION STATEMENT
Edition statement 3 /
260 ## - PUBLICATION, DISTRIBUTION, ETC. (IMPRINT)
Place of publication London :
Name of publisher English Language Book Society ,
Year of publication 1978.
300 ## - PHYSICAL DESCRIPTION
Number of Pages 132 ; .
942 ## - ADDED ENTRY ELEMENTS (KOHA)
Koha item type Books
Holdings
Withdrawn status Lost status Damaged status Home library Current library Date acquired Full call number Accession Number Koha item type
      KAUAET KAUAET 07/04/2012 624.15136 SMI/SO 16783 Books
      KAUAET KAUAET 07/04/2012 624.15136 SMI/SO 16782 Books
free website counter